00000000nas 2200000zi 4500
0019.891784
003CaOODSP
00520250618080450
006m     o  d f      
007cr |||||||||||
008200924c20159999onc x p o    f0###a2eng|d
040 |aCaOODSP|beng|erda|cCaOODSP
041 |aeng|afre
043 |an-cn---
0861 |aPS91-12-PDF
1102 |aParole Board of Canada.
24510|aDecision-making policy manual for Board members = |bManuel des politiques décisionnelles à l'intention des commissaires.
24611|aManuel des politiques décisionnelles à l'intention des commissaires
264 1|a[Ottawa] : |bParole Board of Canada = Commission des libérations conditionnelles du Canada, |c[201-?]-
310 |6Irregular
336 |atext|btxt|2rdacontent
337 |acomputer|bc|2rdamedia
338 |aonline resource|bcr|2rdacarrier
3620 |a[First edition, no. 1, 201-?]-
546 |aText in English and French.
588 |aDescription based on: second edition, no. 05 – 2015-12-18.
588 |aLatest issue consulted: second edition, no. 17 – 2019-12-18.
650 0|aParole|xDecision making|zCanada|vHandbooks, manuals, etc.
792 |tDecision-making policy manual for Board members = |efre|w(CaOODSP)9.891820